[Event "World Teams 2013"]
[Site "Antalya TUR"]
[Date "2013.11.28"]
[Round "3.1"]
[White "Amin, Bassem"]
[Black "Can, Emre"]
[Result "1-0"]
[WhiteTitle "GM"]
[BlackTitle "GM"]
[WhiteElo "2652"]
[BlackElo "2519"]
[WhiteTeam "Egypt"]
[BlackTeam "Turkey"]
[WhiteFideId "10601457"]
[BlackFideId "6302181"]
[EventDate "2013.11.26"]

1. e4 e5 2. Nf3 Nc6 3. Bb5 Nge7 4. Nc3 d6 5. d4 a6 6. Bc4 b5 7. Bd5 Nxd5 8. exd5
Nxd4 9. Nxd4 exd4 10. Qxd4 Qf6 11. Qxf6 gxf6 12. Be3 Bf5 13. O-O-O Rg8 14. g3
Kd7 15. Rhe1 Re8 16. Rd4 Rg4 17. f4 h5 18. a4 h4 19. Bf2 hxg3 20. hxg3 Rxe1+ 21.
Bxe1 bxa4 22. Rxa4 Rg6 23. Rxa6 Rh6 24. Nb5 Rh1 25. Kd2 Be7 26. Bf2 Rh2 27. Ke3
Bd8 28. c4 Rh1 29. Ra8 Bg4 30. Nd4 f5 31. Nc6 Be7 32. Rg8 Bf6 33. Rf8 Bh5 34.
Kd3 Rf1 35. Bd4 Rd1+ 36. Kc3 Bxd4+ 37. Nxd4 Ke7 38. Rc8 Rg1 39. Rxc7+ Kf6 40.
Rd7 Rxg3+ 41. Kb4 1-0

[Event "World Teams 2013"]
[Site "Antalya TUR"]
[Date "2013.11.28"]
[Round "3.2"]
[White "Giri, Anish"]
[Black "Khenkin, Igor"]
[Result "1-0"]
[WhiteTitle "GM"]
[BlackTitle "GM"]
[WhiteElo "2732"]
[BlackElo "2612"]
[WhiteTeam "Netherlands"]
[BlackTeam "Germany"]
[WhiteFideId "24116068"]
[BlackFideId "4659600"]
[EventDate "2013.11.26"]

1. e4 e5 2. Nf3 Nc6 3. Bb5 Nf6 4. d3 Bc5 5. Nbd2 d6 6. c3 O-O 7. h3 Bd7 8. Ba4
Bb6 9. Nc4 h6 10. O-O Ne7 11. Bc2 Ng6 12. a4 a6 13. Nxb6 cxb6 14. Re1 Re8 15. d4
Rc8 16. Be3 b5 17. axb5 Bxb5 18. Nd2 d5 19. dxe5 Nxe5 20. f4 Nd3 21. Bxd3 Bxd3
22. e5 Nd7 23. Qf3 Bh7 24. Qxd5 Nc5 25. Qxd8 Rexd8 26. Nf3 Nd3 27. Re2 Be4 28.
Nd4 Nc5 29. g4 Bd3 30. Rg2 Be4 31. Rd2 Re8 32. Re1 g6 33. Bf2 Bd5 34. Nf5 gxf5
35. Rxd5 Ne6 36. Be3 fxg4 37. hxg4 Rc4 38. Rf1 b5 39. Bd2 Rd8 40. Rxd8+ Nxd8 41.
Kf2 Ne6 42. b3 Rc6 43. b4 Nc7 44. Kg3 f6 45. exf6 Rxf6 46. f5 Nd5 47. Rf3 Rc6
48. Rd3 Nf6 49. Rd4 Kf7 50. Kf3 Ke8 51. Kf4 Ke7 52. Be1 Ke8 53. Ke5 Nd7+ 54. Kd5
Rc8 55. Kd6 Nb6 56. Re4+ Kf8 57. Bf2 Na4 58. Be3 Nxc3 59. Bxh6+ Kg8 60. Re7 Rd8+
61. Ke6 Ne4 62. Bf4 a5 63. f6 axb4 64. Kf5 Nc5 65. Bh6 1-0

[Event "World Teams 2013"]
[Site "Antalya TUR"]
[Date "2013.11.28"]
[Round "3.2"]
[White "Meier, Georg"]
[Black "Van Wely, Loek"]
[Result "1/2-1/2"]
[WhiteTitle "GM"]
[BlackTitle "GM"]
[WhiteElo "2623"]
[BlackElo "2678"]
[WhiteTeam "Germany"]
[BlackTeam "Netherlands"]
[WhiteFideId "4675789"]
[BlackFideId "1000268"]
[EventDate "2013.11.26"]

1. d4 d5 2. c4 c6 3. Nf3 Nf6 4. e3 a6 5. Bd3 Bg4 6. h3 Bxf3 7. Qxf3 Nbd7 8. Nc3
e6 9. O-O Be7 10. Bd2 O-O 11. Rfd1 Re8 12. Rac1 Rc8 13. Be1 Bd6 14. Bf1 Qe7 15.
Qe2 dxc4 16. Qxc4 c5 17. dxc5 Nxc5 18. Ne2 b5 19. Qc2 Qf8 20. a3 Na4 21. Qb1
Rxc1 22. Nxc1 Rc8 23. Nd3 Nd5 24. g3 Ndb6 25. Bg2 Nc4 26. Qa2 Ne5 27. Qb1 Nxd3
28. Rxd3 Qe7 29. Kf1 h6 30. b3 Nb6 31. b4 Be5 32. Rd1 Nc4 33. Qe4 Qf6 34. Kg1
Rd8 35. Rd3 g6 36. Bf1 Rxd3 37. Qxd3 Kg7 38. Qb3 Nb6 39. Qc2 Na4 40. Qc6 Bc3 41.
Bxc3 Nxc3 42. Kg2 1/2-1/2

[Event "World Teams 2013"]
[Site "Antalya TUR"]
[Date "2013.11.28"]
[Round "3.2"]
[White "Tiviakov, Sergei"]
[Black "Fridman, Daniel"]
[Result "1/2-1/2"]
[WhiteTitle "GM"]
[BlackTitle "GM"]
[WhiteElo "2663"]
[BlackElo "2600"]
[WhiteTeam "Netherlands"]
[BlackTeam "Germany"]
[WhiteFideId "1008013"]
[BlackFideId "11600454"]
[EventDate "2013.11.26"]

1. e4 e6 2. d4 d5 3. Nd2 c5 4. exd5 Qxd5 5. dxc5 Nf6 6. Ngf3 Qxc5 7. Bd3 Nbd7 8.
O-O Be7 9. b3 O-O 10. Bb2 Qc7 11. c4 b6 12. Re1 Bb7 13. Qc2 Rad8 14. Ne4 Bxe4
15. Bxe4 Nxe4 16. Rxe4 Bf6 17. Re3 Bxb2 18. Qxb2 Nb8 19. Rc1 Nc6 20. b4 Qd6 21.
a3 Nd4 22. Nxd4 Qxd4 23. Qxd4 Rxd4 24. Rec3 a5 25. bxa5 bxa5 26. c5 Rc8 27. g3
Kf8 28. Rb1 Ke7 29. Rb7+ Rd7 30. Rb5 a4 31. Ra5 Rd5 32. Ra7+ Kf8 33. Rf3 f6 34.
Re3 e5 35. Re4 Rdxc5 36. Rexa4 R5c7 37. R4a6 Kf7 38. a4 Kg6 39. Rxc7 Rxc7 40. a5
Rc1+ 41. Kg2 Ra1 42. Ra7 h5 43. a6 1/2-1/2

[Event "World Teams 2013"]
[Site "Antalya TUR"]
[Date "2013.11.28"]
[Round "3.2"]
[White "Naiditsch, Arkadij"]
[Black "L'Ami, Erwin"]
[Result "1/2-1/2"]
[WhiteTitle "GM"]
[BlackTitle "GM"]
[WhiteElo "2727"]
[BlackElo "2648"]
[WhiteTeam "Germany"]
[BlackTeam "Netherlands"]
[WhiteFideId "4650891"]
[BlackFideId "1007998"]
[EventDate "2013.11.26"]

1. e4 e5 2. Nf3 Nc6 3. Bb5 Nf6 4. O-O Nxe4 5. d4 Nd6 6. Bxc6 dxc6 7. dxe5 Nf5 8.
Qxd8+ Kxd8 9. Rd1+ Ke8 10. Nc3 Ne7 11. h3 Ng6 12. Bg5 Be7 13. Ne4 Be6 14. Bxe7
Kxe7 15. Nc5 b6 16. Nxe6 fxe6 17. Rd4 c5 18. Rg4 Raf8 19. Re1 Rf5 20. b4 cxb4
21. Nd4 Rf4 22. Rd1 Ra8 23. Rg3 a5 24. Re3 Nf8 25. g3 Rf7 26. Nc6+ Ke8 27. f4
Rd7 28. Red3 Rxd3 29. Rxd3 Ng6 30. Kf2 Ne7 31. Nd4 Kf7 32. Nf3 h6 33. g4 Nd5 34.
f5 c5 35. g5 a4 36. gxh6 gxh6 37. Nd2 Rg8 38. Nc4 Rg5 39. Nd6+ Kf8 40. Kf3 Ne7
41. h4 Rg1 42. fxe6 Re1 43. Nc4 Ng6 44. Rd5 Nxh4+ 45. Kf2 Re4 46. Nxb6 Ng6 47.
Rxc5 Ke7 48. Nxa4 Nxe5 49. Rb5 Kf6 50. Rb7 Rc4 51. e7 Kf7 52. Nb6 Rxc2+ 53. Kg3
Rc5 54. Na4 Rc4 55. Nb6 Rc5 56. Na4 Rc4 57. Nb6 1/2-1/2

[Event "World Teams 2013"]
[Site "Antalya TUR"]
[Date "2013.11.28"]
[Round "3.3"]
[White "Ivanchuk, Vassily"]
[Black "Mamedov, Rauf"]
[Result "1/2-1/2"]
[WhiteTitle "GM"]
[BlackTitle "GM"]
[WhiteElo "2731"]
[BlackElo "2647"]
[WhiteTeam "Ukraine"]
[BlackTeam "Azerbaijan"]
[WhiteFideId "14100010"]
[BlackFideId "13401653"]
[EventDate "2013.11.26"]

1. d4 Nf6 2. c4 g6 3. Nc3 Bg7 4. e4 d6 5. Nf3 O-O 6. Be2 e5 7. d5 a5 8. Bg5 h6
9. Bh4 Na6 10. Nd2 Bd7 11. O-O Nc5 12. f3 b6 13. Re1 Qe8 14. Nb5 Rc8 15. a3 a4
16. Bf2 h5 17. Nb1 Bh6 18. N1c3 Nb3 19. Rb1 Nd2 20. Rc1 Nb3 21. Rc2 Nc5 22. Bd3
Nh7 23. Rce2 f5 24. Bc2 f4 25. Nxa4 g5 26. Nxb6 cxb6 27. Nxd6 Qg6 28. Nxc8 Bxc8
29. b4 g4 30. Kh1 Nd7 31. c5 Kh8 32. c6 Rg8 33. Bh4 Bg5 34. Bxg5 Nxg5 35. Rd2
Nf6 36. d6 gxf3 37. gxf3 Nh3 38. d7 Nxd7 39. cxd7 Bxd7 40. Bb3 Rg7 41. a4 Bc6
42. Bc2 Bd7 43. Bb3 Bc6 44. Bc2 Bd7 45. Bb3 Bc6 46. b5 Bxe4 1/2-1/2

[Event "World Teams 2013"]
[Site "Antalya TUR"]
[Date "2013.11.28"]
[Round "3.3"]
[White "Safarli, Eltaj"]
[Black "Korobov, Anton"]
[Result "1/2-1/2"]
[WhiteTitle "GM"]
[BlackTitle "GM"]
[WhiteElo "2653"]
[BlackElo "2713"]
[WhiteTeam "Azerbaijan"]
[BlackTeam "Ukraine"]
[WhiteFideId "13402129"]
[BlackFideId "14105730"]
[EventDate "2013.11.26"]

1. e4 e5 2. Nf3 Nc6 3. Bb5 g6 4. c3 a6 5. Bc4 Bg7 6. d4 d6 7. Bg5 Nf6 8. dxe5
dxe5 9. Qxd8+ Nxd8 10. Nbd2 Ne6 11. Bxe6 Bxe6 12. Nxe5 Nxe4 13. Nxe4 Bxe5 14.
Nc5 Bf5 15. O-O-O f6 16. Be3 b6 17. Nd3 Bd6 18. Bf4 O-O-O 19. Bxd6 Rxd6 20. Nf4
Rxd1+ 21. Rxd1 Re8 22. Nd5 Re2 23. Rd2 Re1+ 24. Rd1 Re2 25. Rd2 Re1+ 26. Rd1 Re2
27. Rd2 Re1+ 28. Rd1 Re2 29. Rd2 Re1+ 30. Rd1 1/2-1/2

[Event "World Teams 2013"]
[Site "Antalya TUR"]
[Date "2013.11.28"]
[Round "3.3"]
[White "Moiseenko, Alexander"]
[Black "Durarbayli, Vasif"]
[Result "1-0"]
[WhiteTitle "GM"]
[BlackTitle "GM"]
[WhiteElo "2709"]
[BlackElo "2559"]
[WhiteTeam "Ukraine"]
[BlackTeam "Azerbaijan"]
[WhiteFideId "14102560"]
[BlackFideId "13402935"]
[EventDate "2013.11.26"]

1. d4 d5 2. c4 c6 3. Nf3 Nf6 4. Nc3 e6 5. Bg5 h6 6. Bxf6 Qxf6 7. e3 g6 8. Be2
Bg7 9. O-O O-O 10. e4 dxc4 11. Bxc4 Nd7 12. e5 Qe7 13. Qe2 Rd8 14. Bd3 c5 15. d5
Nxe5 16. Nxe5 exd5 17. Rae1 c4 18. Bb1 a5 19. Kh1 Ra6 20. f4 d4 21. Ne4 d3 22.
Qf2 Re6 23. Nc5 Rxe5 24. fxe5 Bg4 25. Ne4 Be2 26. Rxe2 dxe2 27. Qxe2 b5 28. a4
Qxe5 29. axb5 Qxb5 30. Nc3 Qb4 31. Ba2 Rd4 32. h3 f5 33. Qe6+ Kh7 34. Nd5 Qa4
35. Nf6+ Bxf6 36. Qxf6 Rd7 37. Qe6 Rc7 38. Qe5 Rb7 39. Qd5 Rc7 40. Qd8 Rg7 41.
Re1 Qxa2 42. Re8 Rf7 43. Rh8+ Kg7 44. Qd4+ Rf6 45. Re8 Qb1+ 46. Kh2 Qc1 47. Re7+
Kg8 48. Qd5+ 1-0

[Event "World Teams 2013"]
[Site "Antalya TUR"]
[Date "2013.11.28"]
[Round "3.3"]
[White "Guseinov, Gadir"]
[Black "Areshchenko, Alexander"]
[Result "1/2-1/2"]
[WhiteTitle "GM"]
[BlackTitle "GM"]
[WhiteElo "2607"]
[BlackElo "2720"]
[WhiteTeam "Azerbaijan"]
[BlackTeam "Ukraine"]
[WhiteFideId "13401378"]
[BlackFideId "14109530"]
[EventDate "2013.11.26"]

1. e4 c5 2. Nf3 d6 3. d4 cxd4 4. Nxd4 Nf6 5. Nc3 a6 6. Bg5 e6 7. f4 Qb6 8. Qd2
Qxb2 9. Rb1 Qa3 10. e5 h6 11. Bh4 dxe5 12. fxe5 g5 13. exf6 gxh4 14. Be2 Nd7 15.
O-O Qa5 16. Kh1 Qg5 17. Rf4 e5 18. Nd5 exd4 19. Qxd4 Kd8 20. Ne7 Qe5 21. Qd2
Bxe7 22. fxe7+ Qxe7 23. Bg4 f5 24. Rxf5 Re8 25. Rd5 b6 26. h3 Kc7 27. Qxh6 Rb8
28. Qf4+ Kb7 29. Qd4 Kc7 30. Qf4+ Kb7 31. Qd4 Kc7 32. Qf4+ 1/2-1/2

[Event "World Teams 2013"]
[Site "Antalya TUR"]
[Date "2013.11.28"]
[Round "3.4"]
[White "Kramnik, Vladimir"]
[Black "Li, Chao b"]
[Result "1/2-1/2"]
[WhiteTitle "GM"]
[BlackTitle "GM"]
[WhiteElo "2793"]
[BlackElo "2679"]
[WhiteTeam "Russia"]
[BlackTeam "China"]
[WhiteFideId "4101588"]
[BlackFideId "8604436"]
[EventDate "2013.11.26"]

1. Nf3 Nf6 2. g3 g6 3. b3 Bg7 4. Bb2 O-O 5. Bg2 d5 6. c4 c6 7. d3 a5 8. Nbd2 Na6
9. a3 Bg4 10. O-O Bxf3 11. Nxf3 e6 12. Qc2 Qe7 13. Bc3 Nd7 14. Bxg7 Kxg7 15.
Qc3+ Qf6 16. Qxa5 Nac5 17. Qb4 Ra6 18. d4 Rb6 19. Qc3 Nxb3 20. Rab1 dxc4 21.
Qxc4 Na5 22. Qc3 Rxb1 23. Rxb1 b6 24. Nd2 e5 25. d5 cxd5 26. Bxd5 Qd6 27. Rb5
Nc5 28. Bf3 Rd8 29. Nf1 Qd4 30. Qxd4 Rxd4 31. Rxb6 e4 32. Bg2 Rd1 33. h4 Ra1 34.
Rb5 Nab3 35. g4 f5 36. gxf5 gxf5 37. e3 Kf6 38. Bh3 Ke5 39. Kg2 f4 40. exf4+
Kxf4 41. Ne3 Rxa3 42. Bg4 Ra5 43. Rb8 Ra7 44. Rf8+ Ke5 45. Rf5+ Kd4 46. Rd5+ Kc3
47. Nd1+ Kb4 48. Kg3 Nc1 49. Rd4+ Kb3 50. Ne3 Rg7 51. Rd5 N1d3 52. Rg5 Ra7 53.
h5 Kc3 54. h6 Ra6 55. Rh5 Rg6 56. Nd5+ Kd4 57. Ne7 Rf6 58. Nf5+ Kc3 59. Ne3 Rg6
60. Nd5+ Kd4 61. Ne7 Rf6 62. Bf5 Ne5 63. Bxh7 Rf3+ 64. Kg2 Ncd3 65. Rf5 Nf4+ 66.
Rxf4 Rxf4 67. Nf5+ Kd3 68. Ng3 Nf7 69. Bxe4+ Rxe4 70. Nxe4 Kd4 1/2-1/2

[Event "World Teams 2013"]
[Site "Antalya TUR"]
[Date "2013.11.28"]
[Round "3.4"]
[White "Wang, Yue"]
[Black "Karjakin, Sergey"]
[Result "1/2-1/2"]
[WhiteTitle "GM"]
[BlackTitle "GM"]
[WhiteElo "2725"]
[BlackElo "2756"]
[WhiteTeam "China"]
[BlackTeam "Russia"]
[WhiteFideId "8601429"]
[BlackFideId "14109603"]
[EventDate "2013.11.26"]

1. d4 Nf6 2. c4 e6 3. g3 d5 4. Nf3 Be7 5. Bg2 O-O 6. Qc2 c5 7. O-O cxd4 8. Nxd4
e5 9. Nf5 d4 10. Nxe7+ Qxe7 11. b4 Be6 12. Nd2 Rc8 13. Qd3 Nc6 14. b5 Na5 15.
Ba3 Qd7 16. Rac1 a6 17. Bb4 axb5 18. cxb5 Nd5 19. Bxd5 Rxc1 20. Rxc1 Qxd5 21. a3
b6 22. Rc7 h6 23. f3 Qd8 24. Qe4 Qxc7 25. Qxa8+ Kh7 26. Kf2 Nc4 27. Nxc4 Bxc4
28. Qc6 Qxc6 29. bxc6 Kg6 30. f4 f6 31. c7 Ba6 32. e3 h5 33. fxe5 fxe5 34. exd4
exd4 35. h4 Kf5 36. Bf8 1/2-1/2

[Event "World Teams 2013"]
[Site "Antalya TUR"]
[Date "2013.11.28"]
[Round "3.4"]
[White "Grischuk, Alexander"]
[Black "Bu, Xiangzhi"]
[Result "1/2-1/2"]
[WhiteTitle "GM"]
[BlackTitle "GM"]
[WhiteElo "2785"]
[BlackElo "2683"]
[WhiteTeam "Russia"]
[BlackTeam "China"]
[WhiteFideId "4126025"]
[BlackFideId "8601445"]
[EventDate "2013.11.26"]

1. e4 c5 2. Nf3 Nc6 3. Bb5 d6 4. O-O Bd7 5. Re1 Nf6 6. c3 a6 7. Bf1 Bg4 8. h3
Bxf3 9. Qxf3 g6 10. d3 Bg7 11. Qd1 Nd7 12. Nd2 O-O 13. Nf3 Nde5 14. Nxe5 dxe5
15. Be3 b6 16. a3 a5 17. Qa4 Qd7 18. Be2 Rfb8 19. Bd1 e6 20. Qb5 Qc7 21. Rc1 Qd6
22. Bc2 h5 23. g4 hxg4 24. hxg4 Ne7 25. Kg2 Qc6 26. Qxc6 Nxc6 27. Rh1 a4 28. Rh3
Ra7 29. g5 Rd8 30. Rch1 Kf8 31. Rh7 Rdd7 32. Kf1 Rd8 33. Ke2 Rdd7 34. Bd2 Kg8
35. Bc1 Kf8 36. b4 axb3 37. Bxb3 Kg8 38. a4 Rdb7 39. Be3 b5 40. axb5 Rxb5 41.
Bc4 Rb2+ 42. Kf3 Nd4+ 43. cxd4 cxd4 44. Bc1 Rc2 45. Kg2 Ra8 46. Bb3 Rc3 47. Bc4
Rc2 48. Rxg7+ Kxg7 49. Re1 Ra7 50. Bb3 Rc3 51. Bc4 Rc2 52. Kg3 Rb7 53. Kh3 Rb6 1/2-1/2

[Event "World Teams 2013"]
[Site "Antalya TUR"]
[Date "2013.11.28"]
[Round "3.4"]
[White "Yu, Yangyi"]
[Black "Nepomniachtchi, Ian"]
[Result "0-1"]
[WhiteTitle "GM"]
[BlackTitle "GM"]
[WhiteElo "2668"]
[BlackElo "2721"]
[WhiteTeam "China"]
[BlackTeam "Russia"]
[WhiteFideId "8603820"]
[BlackFideId "4168119"]
[EventDate "2013.11.26"]

1. e4 c5 2. Nf3 d6 3. d4 cxd4 4. Nxd4 Nf6 5. Nc3 a6 6. Be3 e5 7. Nf3 Be7 8. Bc4
O-O 9. O-O Nc6 10. Bb3 Na5 11. Bg5 Ne8 12. Bxe7 Qxe7 13. Nd5 Qd8 14. Qd3 Be6 15.
Rfd1 Rc8 16. Ne3 Nxb3 17. axb3 Qe7 18. c4 Rc6 19. Nd2 g6 20. Nb1 f5 21. Nc3 Qg5
22. Ned5 Kh8 23. Qg3 Qh6 24. f4 Qg7 25. Re1 Bxd5 26. exd5 exf4 27. Qxf4 g5 28.
Qd2 Rc7 29. Re6 Rd7 30. Rae1 Nc7 31. R6e2 b5 32. Re3 f4 33. Re4 Rdf7 34. Ne2 Ne8
35. Nd4 Nf6 36. Re6 g4 37. Nf5 Ne4 38. R1xe4 Rxf5 39. Rxd6 f3 40. Qd4 f2+ 41.
Kf1 Qxd4 42. Rxd4 Rh5 0-1

[Event "World Teams 2013"]
[Site "Antalya TUR"]
[Date "2013.11.28"]
[Round "3.5"]
[White "Aronian, Levon"]
[Black "Nakamura, Hikaru"]
[Result "1-0"]
[WhiteTitle "GM"]
[BlackTitle "GM"]
[WhiteElo "2801"]
[BlackElo "2786"]
[WhiteTeam "Armenia"]
[BlackTeam "USA"]
[WhiteFideId "13300474"]
[BlackFideId "2016192"]
[EventDate "2013.11.26"]

1. d4 d5 2. c4 e6 3. Nf3 Nf6 4. Bg5 Be7 5. Nc3 h6 6. Bh4 O-O 7. e3 Ne4 8. Bxe7
Qxe7 9. Rc1 c6 10. Bd3 Nxc3 11. Rxc3 dxc4 12. Rxc4 Nd7 13. O-O e5 14. Bc2 Nb6
15. Rc5 exd4 16. Qd3 g6 17. Bb3 Kg7 18. Qxd4+ Qf6 19. Re5 Bd7 20. h4 Rad8 21. h5
Bf5 22. Qc3 Bg4 23. hxg6 Bxf3 24. gxf3 Nd5 25. Bxd5 cxd5 26. gxf7 d4 27. exd4
Rxf7 28. d5 Qxf3 29. Qxf3 Rxf3 30. Rd1 Kf7 31. Rd4 Re8 32. Rxe8 Kxe8 33. Kg2 Rf5
34. f4 Kd7 35. Kf3 Kd6 36. Ke4 Rf8 37. Rd2 h5 38. f5 h4 39. Rh2 Re8+ 40. Kf4 Rh8
41. f6 Re8 42. Rxh4 1-0

[Event "World Teams 2013"]
[Site "Antalya TUR"]
[Date "2013.11.28"]
[Round "3.5"]
[White "Kamsky, Gata"]
[Black "Movsesian, Sergei"]
[Result "1/2-1/2"]
[WhiteTitle "GM"]
[BlackTitle "GM"]
[WhiteElo "2721"]
[BlackElo "2700"]
[WhiteTeam "USA"]
[BlackTeam "Armenia"]
[WhiteFideId "2000024"]
[BlackFideId "310204"]
[EventDate "2013.11.26"]

1. d4 Nf6 2. Nf3 d5 3. c4 e6 4. Nc3 Bb4 5. e3 O-O 6. Bd3 c5 7. O-O cxd4 8. exd4
dxc4 9. Bxc4 b6 10. Bg5 Bb7 11. Rc1 Nbd7 12. Re1 Rc8 13. Bd3 h6 14. Bh4 Be7 15.
Bb1 Re8 16. Qd3 Nf8 17. Ne5 Nh5 18. Bg3 Nxg3 19. hxg3 Qd6 20. a3 Red8 21. Rcd1
Bf6 22. Qe3 Qc7 23. f4 Be7 24. Ba2 a6 25. Rd3 Bd6 26. Kh2 Bxe5 27. fxe5 Rd7 28.
Rd2 Rcd8 29. Ne2 Nh7 30. Nf4 Ng5 31. Bb1 Qc6 32. Red1 Ba8 33. g4 Bb7 34. d5 exd5
35. Rd4 Qc7 36. Ba2 Re8 37. Nxd5 Bxd5 38. Rxd5 Rde7 39. Qf4 Kh8 40. Rc1 Qb8 41.
Bc4 b5 42. Bd3 Rxe5 43. Rxe5 Rxe5 44. Bf5 Re8 45. Qxb8 Rxb8 46. Kg3 Ne6 47. Rc6
a5 48. Bxe6 fxe6 49. Rxe6 Rd8 50. Re5 Rd3+ 51. Kf4 Rb3 52. Kf5 Kh7 53. Re2 a4
54. Ke4 1/2-1/2

[Event "World Teams 2013"]
[Site "Antalya TUR"]
[Date "2013.11.28"]
[Round "3.5"]
[White "Akopian, Vladimir"]
[Black "Onischuk, Alexander"]
[Result "1/2-1/2"]
[WhiteTitle "GM"]
[BlackTitle "GM"]
[WhiteElo "2681"]
[BlackElo "2672"]
[WhiteTeam "Armenia"]
[BlackTeam "USA"]
[WhiteFideId "13300032"]
[BlackFideId "14101025"]
[EventDate "2013.11.26"]

1. e4 e5 2. Nf3 Nc6 3. Bb5 a6 4. Ba4 Nf6 5. O-O Bc5 6. c3 b5 7. Bb3 d6 8. a4 Bg4
9. axb5 axb5 10. Rxa8 Qxa8 11. h3 Bxf3 12. Qxf3 Nb8 13. d3 Nbd7 14. g4 O-O 15.
g5 Ne8 16. Qg4 Qd8 17. Kg2 Bb6 18. f4 Nc5 19. Bc2 exf4 20. Qxf4 d5 21. exd5
Qxd5+ 22. Qf3 Qxf3+ 23. Rxf3 Nd6 24. d4 Ne6 25. Bb3 b4 26. Bxe6 fxe6 27. Rxf8+
Kxf8 28. Kf3 Ke7 29. Nd2 bxc3 30. bxc3 Ba5 31. Bb2 Kd7 32. Ke3 c6 33. Kd3 Nf7
34. Nf3 Bc7 35. c4 Bf4 36. h4 g6 37. Ke4 Bg3 38. c5 Bf2 39. Ba3 Ke7 40. Bb4 Bg3
41. Bd2 Bc7 42. Bf4 Ba5 43. Bg3 Bd8 44. Be1 Bc7 45. Bd2 Kd7 46. Bf4 Ba5 47. Kd3
Ke7 48. Bg3 Bd8 49. Nh2 h6 50. Nf3 hxg5 51. hxg5 Kd7 52. Bf4 Be7 53. Ke4 Bd8 54.
Be3 Be7 55. Kf4 Bd8 56. Ke4 Be7 57. Kf4 Bd8 58. Ke4 1/2-1/2

[Event "World Teams 2013"]
[Site "Antalya TUR"]
[Date "2013.11.28"]
[Round "3.5"]
[White "Akobian, Varuzhan"]
[Black "Sargissian, Gabriel"]
[Result "1/2-1/2"]
[WhiteTitle "GM"]
[BlackTitle "GM"]
[WhiteElo "2625"]
[BlackElo "2676"]
[WhiteTeam "USA"]
[BlackTeam "Armenia"]
[WhiteFideId "13300580"]
[BlackFideId "13300881"]
[EventDate "2013.11.26"]

1. d4 Nf6 2. c4 e6 3. Nc3 Bb4 4. Qc2 d5 5. a3 Bxc3+ 6. Qxc3 Ne4 7. Qc2 c5 8.
dxc5 Nc6 9. Nf3 Qa5+ 10. Bd2 Qxc5 11. e3 Nxd2 12. Nxd2 d4 13. b4 Qe7 14. Be2 O-O
15. O-O e5 16. c5 Be6 17. Nc4 Bxc4 18. Qxc4 a6 19. e4 Nd8 20. g3 Ne6 21. Rac1
Rfd8 22. Rfd1 g6 23. Qb3 Kg7 24. h4 Rab8 25. Bg4 Nc7 26. a4 h5 27. Be2 a5 28.
bxa5 Ne6 29. c6 bxc6 30. Qa2 Qd6 31. a6 Nc5 32. Qc2 d3 33. Qc4 Qd4 34. Qxd4 Rxd4
35. Bf1 Nxa6 36. Rxd3 Rxa4 37. Rd7 Rc8 38. Bb5 Nb8 39. Rxf7+ Kxf7 40. Bxa4 Ke7
41. Kg2 Kd6 42. Rd1+ Ke7 43. Rc1 Kd6 44. f4 Nd7 45. Kf3 Rc7 46. Rd1+ Ke7 47. Rc1
Kd6 48. Rc3 Rc8 49. Rd3+ Ke7 50. Rc3 Kd6 51. Rd3+ Ke7 52. Rc3 1/2-1/2

[Event "World Teams 2013"]
[Site "Antalya TUR"]
[Date "2013.11.29"]
[Round "4.1"]
[White "Ezat, Mohamed"]
[Black "Kamsky, Gata"]
[Result "0-1"]
[WhiteTitle "IM"]
[BlackTitle "GM"]
[WhiteElo "2454"]
[BlackElo "2721"]
[WhiteTeam "Egypt"]
[BlackTeam "USA"]
[WhiteFideId "10600906"]
[BlackFideId "2000024"]
[EventDate "2013.11.26"]

1. d4 Nf6 2. c4 e6 3. Nc3 Bb4 4. Qc2 c5 5. dxc5 Bxc5 6. Nf3 Nc6 7. Bg5 b6 8. Rd1
h6 9. Bc1 Bb7 10. a3 Rc8 11. e3 Qc7 12. Be2 O-O 13. b4 Be7 14. Bb2 a5 15. Nb5
Qb8 16. Bxf6 Bxf6 17. Nd6 Rcd8 18. b5 Ne7 19. Nxb7 Qxb7 20. O-O Qc7 21. Rd2 Rc8
22. Qb3 Rfd8 23. Nd4 Ng6 24. Nf3 Be7 25. Rfd1 Nf8 26. g3 Nh7 27. Rc2 Nf6 28. Nd2
Qc5 29. a4 Rc7 30. Qd3 Qa3 31. Qxa3 Bxa3 32. Nb3 Rdc8 33. Kg2 Kf8 34. h4 Bb4 35.
Rd4 d5 36. f4 Ne4 37. f5 exf5 38. Rxd5 g6 39. h5 Re8 40. hxg6 fxg6 41. Rd3 Nc5
42. Nxc5 Bxc5 43. Bf3 Bxe3 44. Rd6 Kg7 45. Bc6 Rf8 46. Re2 Bc5 47. Rde6 Rf6 48.
Re8 h5 49. Bd5 f4 50. Rg8+ Kh6 51. gxf4 Rxf4 52. Re6 Rg7 53. Rh8+ Kg5 54. Re5+
Kg4 55. Re2 Re7 56. Rxe7 Bxe7 57. Rg8 g5 58. Re8 Bc5 59. Re2 Kh4 60. Rc2 g4 61.
Re2 Rd4 62. Bf7 Rd1 63. Re4 Rd2+ 0-1

[Event "World Teams 2013"]
[Site "Antalya TUR"]
[Date "2013.11.29"]
[Round "4.1"]
[White "Onischuk, Alexander"]
[Black "Abdel Razik, Khaled"]
[Result "1-0"]
[WhiteTitle "GM"]
[BlackTitle "IM"]
[WhiteElo "2672"]
[BlackElo "2450"]
[WhiteTeam "USA"]
[BlackTeam "Egypt"]
[WhiteFideId "14101025"]
[BlackFideId "10601104"]
[EventDate "2013.11.26"]

1. d4 Nf6 2. Nf3 d5 3. c4 c6 4. Nc3 a6 5. e3 g6 6. Be2 Bg7 7. O-O O-O 8. b3 Ne4
9. Bb2 Nxc3 10. Bxc3 c5 11. cxd5 Qxd5 12. Rc1 cxd4 13. Nxd4 Qd6 14. Qd2 Re8 15.
Rfd1 e5 16. Nf3 Qe7 17. Qb2 Nc6 18. Nd2 Nd4 19. exd4 exd4 20. Bxd4 Bxd4 21. Qxd4
Qxe2 22. Nc4 Bf5 23. Nd6 Rad8 24. Qa1 Re7 25. Re1 Rxd6 26. Rxe2 Rxe2 27. Re1
Rxe1+ 28. Qxe1 Be6 29. h3 f6 30. Qe4 Rc6 31. Qb4 b5 32. Qe4 Rd6 33. Qf4 Rd1+ 34.
Kh2 Kg7 35. Qb4 Bf7 36. Qa3 Rd2 37. f3 h5 38. Qxa6 g5 39. Qxb5 Rxa2 40. b4 Rd2
41. Qb7 Kg6 42. b5 Re2 43. b6 Re5 44. Qe4+ 1-0

[Event "World Teams 2013"]
[Site "Antalya TUR"]
[Date "2013.11.29"]
[Round "4.1"]
[White "Amin, Bassem"]
[Black "Robson, Ray"]
[Result "1/2-1/2"]
[WhiteTitle "GM"]
[BlackTitle "GM"]
[WhiteElo "2652"]
[BlackElo "2613"]
[WhiteTeam "Egypt"]
[BlackTeam "USA"]
[WhiteFideId "10601457"]
[BlackFideId "2023970"]
[EventDate "2013.11.26"]

1. e4 c5 2. Nf3 d6 3. g3 Nf6 4. c3 Nc6 5. d3 g6 6. Bg2 Bg7 7. O-O O-O 8. Nbd2 e5
9. a4 h6 10. Nc4 Be6 11. Qe2 Qc7 12. Nfd2 Rad8 13. a5 d5 14. exd5 Nxd5 15. Ne4
b6 16. axb6 axb6 17. Re1 Qd7 18. Na3 Bg4 19. Qc2 Bh3 20. Bh1 b5 21. Nxb5 Ncb4
22. cxb4 Qxb5 23. bxc5 Nb4 24. Qe2 Nxd3 25. Nd6 Qxc5 26. Nb7 Qb4 27. Nxd8 Qxe1+
28. Qxe1 Nxe1 29. Nc6 Nc2 30. Ra2 Nd4 31. b4 Kh7 32. Nxd4 exd4 33. Bc6 d3 34. b5
Rd8 35. Bd2 Bd4 36. Ra4 Rd6 37. Rb4 Bb6 38. Rh4 Bd7 39. Rxh6+ Kg7 40. Bxd7 Rxd7
41. Rh3 f5 42. Kf1 Rd5 43. Ke1 Re5+ 44. Kd1 Rxb5 45. Bc3+ Kf7 46. Rh7+ Kf8 47.
Kd2 Bxf2 48. Kxd3 Rd5+ 49. Kc4 Rc5+ 50. Kd3 Rd5+ 1/2-1/2